000
00290nam a22001217a 4500
008
180426b xxu||||| |||| 00| 0 eng d
041
_a
eng
080
_a
043.3
100
_a
0
101
_a
MBE-BTH
245
_a
Kostot dhe benefitet e Eurozizimit në Kosovë
_c
Mejzini,D
942
_2
udc
_c
BK
999
_c
45587
_d
45587